Lendas da India / (Record no. 185558)

MARC details
000 -LEADER
campo de control de longitud fija 01990nam a2200253 i 4500
001 - NÚMERO DE CONTROL
campo de control 185558
003 - IDENTIFICADOR DE NÚMERO DE CONTROL
campo de control ES-MaACL
005 - FECHA Y HORA DE LA ÚLTIMA TRANSACCIÓN
campo de control 20250911063609.0
008 - DATOS DE LONGITUD FIJA--INFORMACIÓN GENERAL
campo de control de longitud fija 160712m18581864po |||| | por d
100 1# - ENTRADA PRINCIPAL--NOMBRE DE PERSONA
Nombre de persona Correia, Gaspar,
Fechas asociadas al nombre 1495-1561
9 (RLIN) 160136
245 10 - MENCIÓN DEL TÍTULO
Título Lendas da India /
Mención de responsabilidad, etc. por Gaspar Correa; publicadas de ordem da classe de Sciencias Moraes, Politicas e Bellas Lettras da Academia Real das Sciencias de Lisboa e sob a direcção de Rodrigo José de Lima Felner.
260 ## - PUBLICACIÓN, DISTRIBUCIÓN, ETC.
Lugar de publicación, distribución, etc. Lisboa :
Nombre del editor, distribuidor, etc. [s.n.],
Fecha de publicación, distribución, etc. 1858-1864 (
Fabricante Typ. da Academia Real das Ciencias de Lisboa)
300 ## - DESCRIPCIÓN FÍSICA
Extensión 4 t. en 8 v. ;
Dimensiones 28 cm.
490 1# - MENCIÓN DE SERIE
Mención de serie Colleççao de monumentos ineditos para a historia das conquistas dos portuguezes em Africa, Asia e America ;
Designación de volumen o secuencia 1-4. 1ª Serie. Historia de Asia
505 8# - NOTA DE CONTENIDO CON FORMATO
Nota de contenido con formato Contiene: t. 1. Livro primeiro. Contendo as acçoens de Vasco de Gama, Pedralvares Cabral, João de nova... Lenda de 13 annos, desde o primeiro descobrimento da India até annode 1510 - t. 2. Livro segundo em que se recontão os famosos feitos d'Afonso d'Alborquerque, Lopo Soares, Diogo Lopes de Sequeira... Lenda de 17 annos acabados no anno de 1526 - t. 3. Livro terceiro que conta dos feitos de Pero Mascarenhas, e lopo Vaz de Sampayo, e Nuno da Cunha. Em que se passarão 17 annos - t. 4. Libro quarto. A quarta parte da cronica dos feytos que se passarão na India do ano de 1538 até o ano 1550 en que residirão seis gouernadores
530 ## - NOTA DISPONIBLE DE FORMULARIO FÍSICO ADICIONAL
Nota de formato físico adicional disponible Disponible en formato digital.
651 #4 - PUNTO DE ACCESO ADICIONAL DE MATERIA--NOMBRE GEOGRÁFICO
Nombre geográfico Portugal-
Subdivisión general Colonias-
Subdivisión de forma Historia-
-- Fuentes.
9 (RLIN) 172133
700 1# - ENTRADA AGREGADA--NOMBRE PERSONAL
Nombre de persona Felner, Rodrigo José de Lima,
Fechas asociadas al nombre 1809-1877
9 (RLIN) 160137
710 2# - ENTRADA AGREGADA--NOMBRE DE ENTIDAD CORPORATIVA
Nombre de entidad corporativa o nombre de jurisdicción como elemento de entrada Academia das Ciências de Lisboa.
9 (RLIN) 1159
830 10 - PUNTO DE ACCESO ADICIONAL DE SERIE-TÍTULO UNIFORME
Título uniforme Collecçao de monumentos ineditos para a historia das conquistas dos portuguezes em Africa, Asia e America
Designación de volumen o secuencia 1-4. 1ª Serie. Historia de Asia
9 (RLIN) 241782
852 ## - LOCALIZACIÓN
Ubicación ES-MaACL
Número de control de estantería G-6753-60
856 ## - LOCALIZACIÓN Y ACCESO ELECTRÓNICOS
Identificador Uniforme de Recursos <a href="http://bdh-rd.bne.es/viewer.vm?id=0000248875&page=1 ">http://bdh-rd.bne.es/viewer.vm?id=0000248875&page=1 </a>
Nota pública Biblioteca Digital Hispánica
Holdings
Estatus retirado Estado de pérdida Estado de daño No para préstamo Colección Biblioteca de origen Biblioteca actual Ubicación en estantería Fecha de adquisición Fuente de adquisición Total de préstamos Signatura topográfica completa Código de barras Visto por última vez Precio de reemplazo Tipo de ítem Koha
        Colección digital Biblioteca del Ateneo de Madrid Biblioteca del Ateneo de Madrid Depósito 2 12/07/2016     G-6753-60 1195573 23/02/2023 23/02/2023 Libro impreso antiguo